La Mère Michel / (Record no. 162422)

MARC details
000 -LEADER
campo de control de longitud fija 00715nam a22001935i 4500
001 - NÚMERO DE CONTROL
campo de control 162422
003 - IDENTIFICADOR DE NÚMERO DE CONTROL
campo de control ES-MaACL
005 - FECHA Y HORA DE LA ÚLTIMA TRANSACCIÓN
campo de control 20230906212524.0
008 - DATOS DE LONGITUD FIJA--INFORMACIÓN GENERAL
campo de control de longitud fija 041115s1866 fr af |||| | fre d
040 ## - FUENTE DE CATALOGACIÓN
Centro catalogador/agencia de origen CAM
Lengua de catalogación spa
Centro/agencia transcriptor CAM
100 1# - ENTRADA PRINCIPAL--NOMBRE DE PERSONA
Nombre de persona Ponson du Terrail, Pierre Alexis de.
9 (RLIN) 93038
245 13 - MENCIÓN DEL TÍTULO
Título La Mère Michel /
Mención de responsabilidad, etc. par Ponson du Terrail.
260 ## - PUBLICACIÓN, DISTRIBUCIÓN, ETC.
Lugar de publicación, distribución, etc. Paris :
Nombre del editor, distribuidor, etc. Librairie de L. Hachette et C.,
Fecha de publicación, distribución, etc. 1866 (
Fabricante Imprimerie Générale de Ch. Lahure)
300 ## - DESCRIPCIÓN FÍSICA
Extensión 330, [2] p., [32] h. lám. ;
Dimensiones 19 cm.
490 1# - MENCIÓN DE SERIE
Mención de serie Les contes du Drapeau. Seconde série
830 0# - PUNTO DE ACCESO ADICIONAL DE SERIE-TÍTULO UNIFORME
Título uniforme Les contes du Drapeau. Seconde série
9 (RLIN) 222195
852 ## - LOCALIZACIÓN
Ubicación ES-MaACL
Número de control de estantería F-9071
Nota libre -- Enc. hol.
-- -- Legado Gustavo Sáenz Díez
Holdings
Estatus retirado Estado de pérdida Estado de daño No para préstamo Colección Biblioteca de origen Biblioteca actual Ubicación en estantería Fecha de adquisición Fuente de adquisición Total de préstamos Signatura topográfica completa Código de barras Visto por última vez Precio de reemplazo Tipo de ítem Koha
        Libros del s. XIX Biblioteca del Ateneo de Madrid Biblioteca del Ateneo de Madrid Sala Pecera Planta 2 17/01/2008     F-9071 1170158 23/02/2023 23/02/2023 Libro impreso antiguo